| 000 | 00607cab a2200229 4500 | ||
|---|---|---|---|
| 001 | WB2448-15 | ||
| 008 | 090401t1988 xxu||||| |||| 00| 0 eng d | ||
| 035 | _a(Sirsi) u36424 | ||
| 041 | _aeng | ||
| 245 | _aEurope`s future | ||
| 260 | _c1988 | ||
| 350 | _a0 | ||
| 490 |
_aIndependent _v1/12/88 p14-15(2) LOAN |
||
| 520 | _aA special report on the EEC countries, their ties to one another and attitudes to becoming unified. | ||
| 650 | _aECONOMY | ||
| 650 | _aEUROPE | ||
| 650 | _aSINGLE MARKET | ||
| 650 | _aUNIFICATION | ||
| 690 | _aEUROPE-SINGLE MARKET | ||
| 942 | _n0 | ||
| 948 | _c04/03/1997 | ||
| 999 |
_c23661 _d23661 |
||